Responsible parenthood and harmonies / (Record no. 132192)
[ view plain ]
| 000 -LEADER | |
|---|---|
| fixed length control field | 00707nam a22002297a 4500 |
| 005 - DATE AND TIME OF LATEST TRANSACTION | |
| control field | 20170124110151.0 |
| 010 ## - LIBRARY OF CONGRESS CONTROL NUMBER | |
| LC control number | A-775761 |
| 020 ## - INTERNATIONAL STANDARD BOOK NUMBER | |
| Terms of availability | 00.00 |
| International Standard Book Number | 8171930670 |
| 035 ## - SYSTEM CONTROL NUMBER | |
| System control number | A-775761 |
| 037 ## - SOURCE OF ACQUISITION | |
| Source of stock number/acquisition | Cen Lib/Ret |
| 040 ## - CATALOGING SOURCE | |
| Original cataloging agency | DPL |
| Language of cataloging | EN |
| 082 ## - DEWEY DECIMAL CLASSIFICATION NUMBER | |
| Classification number | 649 |
| Item number | KUL |
| 100 ## - MAIN ENTRY--PERSONAL NAME | |
| Personal name | Kulkarni , Sudha |
| 9 (RLIN) | 33962 |
| 245 ## - TITLE STATEMENT | |
| Title | Responsible parenthood and harmonies / |
| Statement of responsibility, etc | by Sudha Kulkarni [and] Suneeta Kulkarni |
| 260 ## - PUBLICATION, DISTRIBUTION, ETC. (IMPRINT) | |
| Place of publication, distribution, etc | Jaipur |
| Name of publisher, distributor, etc | Classic Publishing House |
| Date of publication, distribution, etc | 1995 |
| 270 ## - ADDRESS | |
| City | 260-61, Choura Rasta |
| Address | Jaipur |
| Postal code | 302003 |
| 300 ## - PHYSICAL DESCRIPTION | |
| Extent | 226p. |
| Dimensions | 21cm(Hb) |
| 650 ## - SUBJECT ADDED ENTRY--TOPICAL TERM | |
| Topical term or geographic name as entry element | Parenthood |
| 9 (RLIN) | 22687 |
| 650 ## - SUBJECT ADDED ENTRY--TOPICAL TERM | |
| Topical term or geographic name as entry element | Development and Growth |
| 9 (RLIN) | 33963 |
| 700 ## - ADDED ENTRY--PERSONAL NAME | |
| Personal name | Kulkarni, Suneeta |
| 9 (RLIN) | 33964 |
| 942 ## - ADDED ENTRY ELEMENTS (KOHA) | |
| Source of classification or shelving scheme | Dewey Decimal Classification |
| Koha item type | English Books |
| Classification part | 649 |
| Call number suffix | KUL |
| Withdrawn status | Lost status | Damaged status | Not for loan | Home library | Current library | Date acquired | Source of acquisition | Cost, normal purchase price | Total Checkouts | Full call number | Barcode | Date last seen | Copy number | Cost, replacement price | Price effective from | Koha item type | Public note |
|---|---|---|---|---|---|---|---|---|---|---|---|---|---|---|---|---|---|
| Written off | Central Library | Central Library | 21/07/2015 | Cen Lib/Ret | 0.00 | 649 KUL | A-775761 | 21/07/2015 | 1 | 0.00 | 21/07/2015 | English Books | W/d List No. 6863/15 ; dtd 06/08/2020 |
